000 00704nam a2200193Ia 4500
003 GCL
008 140319s9999 xx 000 0 ara d
020 _a98341024
040 _aGCL /
_cGCL
082 0 4 _aد
_b050
_bم م
245 1 0 _aالمستقبل العربى ( نوفمبر 2006 العدد 333 )
260 _aبيروت :
_bمركز دراسات الوحدة العربية ،
_c2006
650 0 4 _aالاسلام - دفع مطاعن
650 0 4 _aالارهاب الدولى
650 0 4 _aالعراق - الاحوال السياسية
650 0 4 _aالاعتداء الامريكى على العراق
650 0 4 _aالاعتداء الاسرائيلى على لبنان
942 _2ddc
_cCR
999 _c9021
_d9021